Pays en 5 lettres - Statistiques

Statistiques générales
  • Ce quiz a été pris 287 fois
    272 depuis la dernière actualisation
  • Le résultat moyen est 17 sur 26
Statistiques - réponses
Population Pays % Correct
1,40MD Chine
96%
124M Japon
84%
19,76M Chili
78%
38,08M Maroc
78%
7,38M Libye
75%
5,80M Liban
74%
34,22M Pérou
70%
10,57M Suède
70%
24,67M Syrie
68%
928,78K Fidji
67%
34,43M Ghana
67%
40,58M Yémen
67%
27,03M Niger
65%
2,85M Qatar
65%
11,77M Haïti
64%
574,34K Malte
63%
14,46M Bénin
62%
29,65M Népal
62%
2,53M Gabon
61%
10,39M Grèce
61%
11,94K Nauru
61%
218,01K Samoa
60%
104,17K Tonga
59%
56,43M Kenya
58%
20,3M Tchad
56%
109,3M Congo
55%
Aucun quiz correspondant
Distribution des résultats
% des personnes avec chaque résultat
Percentile par nombre de réponses
Votre historique - résultats
Vous n’avez pas pris ce quiz depuis la dernière actualisation